000 00401nam a2200169Ia 4500
005 20240823005756.0
008 240823s9999||||xx |||||||||||||| ||und||
082 _A823 N5
100 _a"Jones,Richard Glyn (ed)"
245 4 _aThe Giant book of Killer Women
250 _a1st
260 _c1995
_b"Magpie,London"
500 _aYES
650 _aGeneral
_bGeneral
942 _cBK
999 _c156687
_d156687